Fundamentals of Computers / (Record no. 40575)

MARC details
000 -LEADER
fixed length control field 00666nam a22001937a 4500
005 - DATE AND TIME OF LATEST TRANSACTION
control field 20100810115416.0
010 ## - LCCN (DPL NO)
LC control number ENG-99362
020 ## - INTERNATIONAL STANDARD BOOK NUMBER
International Standard Book Number 9789380243375
Terms of availability 100.00
035 ## - SYSTEM CONTROL NUMBER
System control number EN-82894
037 ## - SOURCE OF ACQUISITION
Source of stock number/acquisition DBAD/PUB
082 ## - DEWEY DECIMAL CLASSIFICATION NUMBER
Classification number 005
100 ## - MAIN ENTRY--PERSONAL NAME
Personal name Senthil, PL
245 ## - TITLE STATEMENT
Title Fundamentals of Computers /
Statement of responsibility, etc by PL Senthil
260 ## - PUBLICATION, DISTRIBUTION, ETC. (IMPRINT)
Place of publication, distribution, etc Tiruchirppalli
Name of publisher, distributor, etc Raja Publications
Date of publication, distribution, etc 2009
270 ## - ADDRESS
Address 4/1 S S H Shelter, Hazarath Abdul Salam Street Khajanagar
City Tiruchirappalli
Postal code 620020
300 ## - PHYSICAL DESCRIPTION
Extent vi,150p
Dimensions 21cm(pbk)
942 ## - ADDED ENTRY ELEMENTS (KOHA)
Source of classification or shelving scheme Dewey Decimal Classification
Item type English Books
Classification part 005
Call number suffix SEN
Holdings
Withdrawn status Lost status Not for loan Collection code Home library Current library Date acquired Source of acquisition Cost, normal purchase price Full call number Barcode Copy number Cost, replacement price Koha item type
    Not For Loan Non-fiction D.B.Act.Division D.B.Act.Division 10/08/2010 DBAD/PUB 100.00 005 SEN EN-82894 1 100.00 English Books

© Delhi Public Library
Hit Counter
free hit counter